| 000 | 00924nam0a22002291 4500 | ||
|---|---|---|---|
| 001 | rc\2969611 | ||
| 005 | 20260406112158.0 | ||
| 035 | _a(NLR Aleph) 007115839 | ||
| 090 |
_a6813347 _c6813347 |
||
| 100 | _a20080102d1933 |||y0rusy50 ca | ||
| 101 | 0 | _arus | |
| 102 | _aRU | ||
| 105 | _ay z ||||y | ||
| 200 | 1 |
_aПроизводственная колхозная ячейка _eНекоторые итоги парторганизации в деревне _fА. Горкин |
|
| 210 |
_aМосква _cПартиздат _d1933 _gф-ка книги "Кр. пролетарий" |
||
| 215 |
_aОбл., 22 с., 1 с. объявл. _d23х15 см |
||
| 700 | 1 |
_8rus _7ca _aГоркин _bА. Ф. _f1897-1988 _cгос. и полит. деятель _gАлександр Федорович _3RU\NLR\AUTH\77127150 _9110074 |
|
| 801 | 0 |
_aRU _bNLR _gpsbo |
|
| 801 | 1 |
_aRU _bELAR _2rusmarc |
|
| 852 |
_aNLR _j34-11/634 |
||
| 942 | _cBOOK | ||
| 980 | _aNB | ||